01120cas a22003377ar450000500170000000800410001701000100005801100100006802200140007803500100009224500700010226000530017230000360022531000140026136200180027559000410029359000410033459000410037559000420041665000520045878500320051086600340054286600220057686600340059886600340063286600340066686600340070090100070073490500240074199900170076520220329142014.0990128d19551998nl br pernn 0 b1eng d a76944 a779160 a0028-2596 a8769100aNematologicac/by International Journal of Nematological Research0 aLeiden, The Netherlands :bK. Brill,c1955-1998. av. :bilus. ; gráfs. ; tablas aBimestral1 av.44 n.4,1998 aBATCH-UPDb10c20130110lUCH01h0657 aBATCH-UPDb10c20130410lUCH01h0342 aBATCH-UPDb10c20130914lUCH01h1838 aCONVERSIONb10c20130109lUCH01h134214aNemátodosxPublicaciones periódicas.980825 tNematology a partir de 1999 av.10 n.1-v.12 n.4 (1964-1966) av.14 n.1-4 (1968) av.15 n.2-v.29 n.1 (1969-1983) av.29 n.3-v.31 n.1 (1983-1985) av.31 n.3-v.33 n.4 (1985-1987) av.34 n.3-v.44 n.6 (1988-1998) aSE aMarco A. Mendoza T. c76944d76944